000 00352nam a2200133Ia 4500
005 20251222144756.0
008 251222s9999||||xx |||||||||||||| ||spa||
020 _a88-88405-13-5
082 _a858.9/F37
100 _aFenoglio, Beppe
245 0 _aPero mi amor es Paco
264 _bConcesión por Gentileza de los Herederos de Fenoglio
942 _cLIB
999 _c19535
_d19535